000 00655nam a2200229 a 4500
001 000039300
003 DO-SdBNP
005 20230131130706.0
007 ta
008 130621s2012 dr a 000 0 spa d
020 _a9789945489514
040 _aDO-SdBNP
_bspa
_cBNPHU
082 _aRD863.44
_222
_bP896c
100 1 _aPradio Rojas, Juan
_965494
245 1 0 _aCuentos de la calle /
_cJuan Pradio Rojas.
260 _aSanto Domingo :
_bSantuario,
_c2012.
300 _a64 p. :
_bils. ;
_c24 cm.
500 _aIncluye datos biográficos del autor en la solapa de la cubierta
590 _aInventariado, 2023 / DG
910 _aDG
942 _2ddc
_cLBS1
999 _c38790
_d38790